| 000 | 00516cam a2200169 a 4500 | ||
|---|---|---|---|
| 020 | _a0042970474 | ||
| 082 |
_a297 _bEAT _cL31,P-193 |
||
| 100 | 1 |
_aEaton, Gai, _928517 |
|
| 245 | 1 | 0 |
_aIslam and the destiny of man / _cGai Eaton. |
| 260 |
_aLondon, UK : _bG. Allen & Unwin ; _a[Cambridge, Cambridgeshire] : _bIslamic Texts Society, _c1985. |
||
| 300 |
_a242 p. ; _c24 cm. |
||
| 490 | 1 | _aSUNY series in Islam | |
| 526 |
_a0 _b0 _c0 _d297_000000000000000_EAT |
||
| 650 | 0 | _aIslam. | |
| 650 | 0 |
_aMCE _9379 |
|
| 942 |
_2ddc _cBK |
||
| 999 |
_c542131 _d542131 |
||